The trouble with dinosaurs / (رقم التسجيلة. 137053)

تفاصيل مارك
000 -LEADER
fixed length control field 00523nam a22001937a 4500
005 - DATE AND TIME OF LATEST TRANSACTION
control field 20251108175548.0
008 - FIXED-LENGTH DATA ELEMENTS--GENERAL INFORMATION
fixed length control field 250721s2000 xx 000 0 eng d
082 14 - DEWEY DECIMAL CLASSIFICATION NUMBER
Classification number J/F/BAR
100 1# - MAIN ENTRY--PERSONAL NAME
Personal name barnett, stephen
245 14 - TITLE STATEMENT
Title The trouble with dinosaurs /
264 1# - PRODUCTION, PUBLICATION, DISTRIBUTION, MANUFACTURE, AND COPYRIGHT NOTICE
Place of production, publication, distribution, manufacture new delhi :
Name of producer, publisher, distributor, manufacturer b.jain publishers,
Date of production, publication, distribution, manufacture, or copyright notice 2000.
300 ## - PHYSICAL DESCRIPTION
Extent 32p
490 0# - SERIES STATEMENT
Series statement Read & Shine
650 17 - SUBJECT ADDED ENTRY--TOPICAL TERM
Topical term or geographic name as entry element Fiction
653 ## - INDEX TERM--UNCONTROLLED
Uncontrolled term أطفال مرحلة متوسطة (6-9) سنوات
700 1# - ADDED ENTRY--PERSONAL NAME
Personal name Brooks, Rosie
Relator term Illus.
942 ## - ADDED ENTRY ELEMENTS (KOHA)
Source of classification or shelving scheme Dewey Decimal Classification
Koha item type كتب
المقتنيات
حالة السحب حالة الفقدان مصدر التصنيف حالة التلف غير قابل للإعارة المكتبة الرئيسية المكتبة الحالية موقع الرف تاريخ التزويد الرقم المتسلسل Total Checkouts رقم الإستدعاء الباركود تاريخ آخر ظهور تاريخ الفاتورة نوع المادة (كوها)
    Dewey Decimal Classification     المكتبة المركزية المكتبة المركزية الأطفال 28/07/2025 1678168   J/F/BAR PLD00417688 28/07/2025 28/07/2025 كتب
    Dewey Decimal Classification   Not For Loan المكتبة المركزية المكتبة المركزية مقتنيات قسم التزويد 28/07/2025 1678339   J/F/BAR   28/07/2025 28/07/2025 كتب
    Dewey Decimal Classification     مكتبة البشائر للأطفال مكتبة البشائر للأطفال الأطفال 15/05/2018 1678244   J/F/BAR PLD00421172 28/07/2025 15/05/2018 كتب
    Dewey Decimal Classification     مكتبة قتيبة للأطفال مكتبة قتيبة للأطفال الأطفال 15/05/2018 1678187   J/F/BAR PLD00421169 28/07/2025 15/05/2018 كتب
    Dewey Decimal Classification     مكتبة أم المؤمنين للأطفال مكتبة أم المؤمنين للأطفال الأطفال 15/05/2018 1678225   J/F/BAR PLD00421171 28/07/2025 15/05/2018 كتب
    Dewey Decimal Classification     مكتبة الأميرة ايمان العامة مكتبة الأميرة ايمان العامة الأطفال 15/05/2018 1678320   J/F/BAR PLD00421176 28/07/2025 15/05/2018 كتب
    Dewey Decimal Classification     مكتبة بدر الجديدة للأطفال مكتبة بدر الجديدة للأطفال الأطفال 15/05/2018 1678301   J/F/BAR PLD00421175 28/07/2025 15/05/2018 كتب
    Dewey Decimal Classification     مكتبة بدر للأطفال مكتبة بدر للأطفال الأطفال 15/05/2018 1678282   J/F/BAR PLD00421174 28/07/2025 15/05/2018 كتب
    Dewey Decimal Classification     مكتبة مرج الحمام مكتبة مرج الحمام الأطفال 15/05/2018 1678263   J/F/BAR PLD00421173 28/07/2025 15/05/2018 كتب
    Dewey Decimal Classification     مكتبةمؤتة مكتبةمؤتة الأطفال 15/05/2018 1678206   J/F/BAR PLD00421170 28/07/2025 15/05/2018 كتب
Implemented & Customized by: BBB with SCIT (Smart Chains for Information Technology)

Powered by Koha